书目信息 |
| 题名: |
现代混凝土早期变形与收缩裂缝控制
|
|
| 作者: | 刘加平 , 田倩 著 | |
| 分册: | ||
| 出版信息: | 北京 科学出版社 2020.02 |
|
| 页数: | 358页 | |
| 开本: | 26cm | |
| 丛书名: | ||
| 单 册: | ||
| 中图分类: | TU528 | |
| 科图分类: | ||
| 主题词: | 建筑材料:非金属材料 | |
| 电子资源: | ||
| ISBN: | 978-7-03-060739-3 | |
| 000 | 00764nam0 2200217 45 | |
| 001 | 2360702639 | |
| 005 | 20230209165351.18 | |
| 010 | @a978-7-03-060739-3@b精装@dCNY 168.00 | |
| 100 | @a20230209d2020 km y0chiy0120 ea | |
| 101 | 0 | @achi |
| 102 | @aCN@b110000 | |
| 200 | 1 | @a现代混凝土早期变形与收缩裂缝控制@Axian dai hun ning tu zao qi bian xing yu shou suo lie feng kong zhi@f刘加平, 田倩著@Fliu jia ping,tian qian zhu |
| 210 | @a北京@c科学出版社@d2020.02 | |
| 215 | @a358页@d26cm | |
| 510 | @aEarly-age deformation and shrinkage crack control of modern concrete | |
| 606 | 0 | @a建筑材料:非金属材料 |
| 690 | @aTU528@v4 | |
| 701 | 0 | @a刘加平@Aliu jia ping@4著 |
| 701 | 0 | @a田倩@Atian qian@4著 |
| 801 | 0 | @aCN@b河南城建学院图书馆@c20230209 |
| 905 | @dTU528@eL634 | |
| 现代混凝土早期变形与收缩裂缝控制/刘加平, 田倩著.-北京:科学出版社,2020.02 |
| 358页;26cm |
| ←并列题名:Early-age deformation and shrinkage crack control of modern concrete |
| ISBN 978-7-03-060739-3(精装):CNY 168.00 |
| ● |
| 相关链接 |
|
|
|
正题名:现代混凝土早期变形与收缩裂缝控制
索取号:TU528/L634
 
预约/预借
| 序号 | 登录号 | 条形码 | 馆藏地/架位号 | 状态 | 备注 |
| 1 | 1507860 | 215078608 | 材料与化工学院资料室/ [索取号:TU528/L634] | 在馆 | |
| 2 | 1507861 | 215078617 | 材料与化工学院资料室/ [索取号:TU528/L634] | 在馆 |